Welcome to WEB OPAC of MRSPTU Central Library

2500 solved problems in fluid mechanics and hydraulics (Record no. 4573)

MARC details
000 -LEADER
fixed length control field 00442nam a2200169Ia 4500
008 - FIXED-LENGTH DATA ELEMENTS--GENERAL INFORMATION
fixed length control field 230711s9999||||xx |||||||||||||| ||und||
041 ## - LANGUAGE CODE
Language code of text/sound track or separate title ENG
082 ## - DEWEY DECIMAL CLASSIFICATION NUMBER
Classification number 690
Item number EV-F
100 ## - MAIN ENTRY--PERSONAL NAME
Personal name Evett,JB
245 #0 - TITLE STATEMENT
Title 2500 solved problems in fluid mechanics and hydraulics
250 ## - EDITION STATEMENT
Edition statement 1st . Ed.
260 ## - PUBLICATION, DISTRIBUTION, ETC.
Date of publication, distribution, etc. 2004
Place of publication, distribution, etc. New Delhi
Name of publisher, distributor, etc. Tata McGraw Hill Education Limited
300 ## - PHYSICAL DESCRIPTION
Extent 797
650 ## - SUBJECT ADDED ENTRY--TOPICAL TERM
Topical term or geographic name entry element Mechanical Engineering
700 ## - ADDED ENTRY--PERSONAL NAME
Personal name Liu,C
942 ## - ADDED ENTRY ELEMENTS (KOHA)
Koha item type Book
Holdings
Withdrawn status Lost status Damaged status Not for loan Collection Home library Current library Date acquired Total checkouts Full call number Barcode Date last seen Price effective from Koha item type
          MRSPTU Central Library MRSPTU Central Library     690 EV-F 15840 08/17/2023 08/17/2023 Book
          MRSPTU Central Library MRSPTU Central Library     690 EV-F 15841 08/17/2023 08/17/2023 Book
          MRSPTU Central Library MRSPTU Central Library     690 EV-F 16117 08/17/2023 08/17/2023 Book
          MRSPTU Central Library MRSPTU Central Library     690 EV-F 16118 08/17/2023 08/17/2023 Book
          MRSPTU Central Library MRSPTU Central Library     690 EV-F 16119 08/17/2023 08/17/2023 Book
          MRSPTU Central Library MRSPTU Central Library     690 EV-F 16120 08/17/2023 08/17/2023 Book
          MRSPTU Central Library MRSPTU Central Library     690 EV-F 16121 08/17/2023 08/17/2023 Book

Website Designed and Developed by MRSPTU Central Library Team

E-mail Id: librarian@mrsptu.ac.in